00657nam a2200241 a 4500001001300000003000900013005001700022008004100039020001000080082001500090100001900105245003400124260003700158300000900195500003500204505001000239650002300249700001900272902000800291942000700299952009400306999001500400nice12345678IN_TiNIC20260116012059.0050524s1921 lona grp 000 0 eng  ac10000a225.9bMOF aMoffatt, James aApproach to the New Testament aLondonbHodder & Stoughtonc1921 a240p aincludes index and biblioraphy2 aIndex aBible N.T. History1 aMoffatt, James bSRS cBK 00104070aHMIbHMId2010-01-15g100.00l0o225.9 MOFp6972r2010-01-15w2026-01-16yEB c5562d5562